000 00997nam0a2200337 4500
001 RU\NLR\bibl\234380
005 20250619111959.0
010 _a5-227-00384-X
_910000
021 _aRU
_b2001-41043
_91946
035 _a(NLR Aleph) 000230313
090 _a1340282
_c1340282
100 _a20020212d2001 |||y0rusy50 ca
101 1 _arus
_ceng
102 _aRU
105 _ay |||||||||
200 1 _aОбретенная любовь
_eРоман
_e[Пер. с англ.]
_fМаргарет Уэй
210 _aМ.
_cЦентрполиграф
_d2001
215 _a201,[1] с.
_d17
225 1 _aЦветы любви
675 _a821.111-31Уэй
_v3
_zrus
686 _a17.82
_2rugasnti
686 _a84(4Вел)-44
_2rubbk
686 _aШ6(4Вл)67-440.4
700 1 _aУэй
_bМ.
_gМаргарет
_4070
801 0 _aRU
_bRKP
_c20020212
_gPSBO
801 1 _aRU
_bRKP
_c20020212
801 2 _aRU
_bNLR
_c20020411
_grcr
942 _cBOOK
980 _aNB